Times de futebol da cidade do Rio de Janeiro - Statistics

Estatísticas Gerais
  • Esse quiz foi jogado 752 vezes
  • A pontuação média é 8 de 10
Estatísticas das Respostas
Estádio Resposta % Correto
Gávea Flamengo
99%
Laranjeiras Fluminense
99%
São Januário Vasco da Gama
99%
Nilton Santos Botafogo
98%
Moça Bonita Bangu
85%
Luso-Brasileiro Portuguesa
84%
Conselheiro Galvão Madureira
69%
Giulite Coutinho América
67%
Rua Bariri Olaria
46%
Leônidas da Silva Bonsucesso
30%
Nenhum quiz correspondente encontrado
Distribuição das Pontuações
Porcentagem de Pessoas com Cada Pontuação
Percentil de Números Respondidos
Sua Pontuação Histórica
Você não jogou esse quiz